000 00694nam a2200181Ia 4500
008 100920s9999 xx 000 0 und d
082 _b104509
_a28 व 891,43 न 08
100 _aइन्दुरख्या संतोष.
245 _aहवाई जहाज और गुब्बारे.
260 _bपराग पब्लिकेशन,जबलपूर.
_c2008
300 _a32
_bसाधी
365 _b50
520 _aबा.वि.हिंदी.
630 _aहवाई जहाज और गुब्बारे.
650 _aबा.वि.हिंदी.
730 _aहवाई जहाज और गुब्बारे.
942 _cBOOK
999 _c744941
_d744938